[Event "XXVII OOM - Mistrzostwa Polski Juniorow Mlodszych - Dziewczeta do lat 14"]
[Site "ApartHotel Termy Uniejow, ul. Termalna 1, 99-210 Uniejow"]
[Date "1899-12-30"]
[Round "3.17"]
[White "Giemza, Julia"]
[Black "Kaczmarek, Paulina"]
[Result "1-0"]
[WhiteTitle "I"]
[BlackTitle "II+"]
[WhiteElo "1375"]
[BlackElo "1029"]

1. e4 c5 2. Nc3 d6 3. f4 Nc6 4. Nf3 g6 5. Bc4 Bg7 6. O-O Nf6 7. d3 O-O 8. Qe1 Bg4
9. Qh4 Qc7 10. Bd2 Rae8 11. Ne1 Nd4 12. f5 gxf5 13. h3 Bxh3 14. Qxh3 fxe4 15.
dxe4 Qd7 16. Qxd7 Nxd7 17. Rc1 Ne5 18. Be2 e6 19. Nf3 Nexf3+ 20. Bxf3 Rb8 21.
b3 a6 22. Ne2 Nc6 23. Rcd1 Ne5 24. Ng3 Ng6 25. Nh5 Bd4+ 26. Kh2 Be5+ 27. g3 f6
28. Nf4 Kf7 29. Nxg6 hxg6 30. Kg2 Rh8 31. Bf4 Bxf4 32. gxf4 Ke7 33. Rh1 b5 34.
Kf2 a5 35. Be2 b4 36. Bd3 f5 37. exf5 gxf5 38. Rdg1 Rxh1 39. Rxh1 Rf8 40. Rh7+
Rf7 41. Rh6 Rf6 42. Rh1 Rf7 43. Re1 d5 44. a3 bxa3 45. Ra1 Kf6 46. Rxa3 Ra7 47.
c3 Ke7 48. b4 Kd6 49. Rxa5 Rxa5 50. bxa5 c4 51. Bc2 Kc5 52. Ba4 d4 53. cxd4+ Kb4
54. a6 Kxa4 55. a7 c3 56. a8=Q+ Kb3 57. Qb7+ Kc2 58. Ke2 Kc1 59. Kd3 e5 60. fxe5
f4 61. Qb3 f3 62. Qc2# 1-0

[Event "XXVII OOM - Mistrzostwa Polski Juniorow Mlodszych - Dziewczeta do lat 14"]
[Site "ApartHotel Termy Uniejow, ul. Termalna 1, 99-210 Uniejow"]
[Date "1899-12-30"]
[Round "3.18"]
[White "Ziobrowska, Maja"]
[Black "Kicinska, Magdalena"]
[Result "1-0"]
[WhiteTitle "I++"]
[BlackTitle "I+"]
[WhiteElo "1601"]
[BlackElo "1315"]

1. e4 c6 2. Nc3 d5 3. Nf3 Bg4 4. h3 Bxf3 5. Qxf3 e6 6. d3 Bb4 7. Bd2 d4 8. Nb1
Qb6 9. Bxb4 Qxb4+ 10. Nd2 Qxb2 11. Rb1 Qxc2 12. Qg3 Ne7 13. Rxb7 Nd7 14. Qxg7
Rg8 15. Qxd4 Nc5 16. Qb2 Nxd3+ 17. Bxd3 Qxd3 18. Qf6 Qd6 19. Nc4 Qc5 20. e5 Rg6
21. Nd6+ Qxd6 22. Qh8+ Rg8 23. Qxg8+ Nxg8 24. exd6 Nf6 25. f3 Rd8 26. Rxa7 Rxd6
27. Ke2 Nd5 28. Rc1 Nf4+ 29. Kf1 Kf8 30. a4 Rd2 31. Rxc6 Rxg2 32. Rc4 Nd5 33.
Rc8+ Kg7 34. Kxg2 1-0

[Event "XXVII OOM - Mistrzostwa Polski Juniorow Mlodszych - Dziewczeta do lat 14"]
[Site "ApartHotel Termy Uniejow, ul. Termalna 1, 99-210 Uniejow"]
[Date "1899-12-30"]
[Round "3.19"]
[White "Gac-mytych, Sara"]
[Black "Pastuszko, Katarzyna"]
[Result "0-1"]
[WhiteTitle "II"]
[BlackTitle "I++"]
[WhiteElo "1125"]
[BlackElo "1580"]

1. c4 e5 2. Nc3 Nc6 3. Nf3 f5 4. d3 Nf6 5. g3 Be7 6. Bg2 O-O 7. Bd2 d6 8. a3 h6
9. h3 e4 10. dxe4 fxe4 11. Nh2 Be6 12. Qa4 Ne5 13. Qc2 Nxc4 14. Nxe4 Nxe4 15.
Bxe4 Nxd2 16. Qxd2 Bxh3 17. Bxb7 Rb8 18. Be4 Bf6 19. Rb1 Qe7 20. Bd5+ Kh8 21.
b4 c5 22. Nf3 Rfe8 23. e3 Bf5 24. Rb3 Be4 25. O-O c4 26. Bxe4 Qxe4 27. Rbb1 Qxf3
28. Qxd6 Be5 29. Qc5 Re6 30. Qxc4 Rg6 31. Qh4 Bxg3 32. Qh3 Be5+ 33. Qg3 Bxg3 34.
fxg3 Qxg3+ 35. Kh1 Qh3# 0-1

[Event "XXVII OOM - Mistrzostwa Polski Juniorow Mlodszych - Dziewczeta do lat 14"]
[Site "ApartHotel Termy Uniejow, ul. Termalna 1, 99-210 Uniejow"]
[Date "1899-12-30"]
[Round "3.20"]
[White "Jaros, Emilia"]
[Black "Salamon, Julia"]
[Result "0-1"]
[WhiteTitle "I"]
[BlackTitle "I++"]
[WhiteElo "1241"]
[BlackElo "1504"]

1. e4 c5 2. Nf3 e6 3. d4 cxd4 4. Nxd4 Nf6 5. Nc3 Nc6 6. Nxc6 bxc6 7. e5 Nd5 8.
Ne4 Qc7 9. f4 Qb6 10. a3 Ne3 11. Qd3 Nxf1 12. Rxf1 Ba6 13. c4 Qa5+ 14. Bd2 Qd5
15. Qxd5 cxd5 16. Nc3 Bxc4 17. Rf3 Rb8 18. b4 d6 19. Be3 Rb7 20. Bd4 dxe5 21.
fxe5 Be7 22. Kf2 O-O 23. Re1 Bh4+ 24. g3 Be7 25. Kg2 Ra8 26. Na4 a5 27. Nb6 Ra6
28. Nxc4 dxc4 29. bxa5 Rxa5 30. Rc1 Ra4 31. Rfc3 Rc7 32. Ra1 Rc8 33. Rc2 Rxa3
34. Rxa3 Bxa3 35. Kf3 h6 36. Ke4 Kh7 37. Ba1 Kg6 38. h3 h5 39. Bd4 Bb4 40. Bc3
Bxc3 41. Rxc3 Rc7 42. Kf4 Rc5 43. h4 Kh6 44. Ke4 Kg6 45. Kf4 f6 46. exf6 gxf6
47. Ke4 e5 48. Kf3 f5 49. Ke3 Kf6 50. Rc2 Ke6 51. Rc1 c3 52. Kd3 Kd5 53. Rc2 Rc4
54. Ke3 e4 55. Rc1 c2 56. Kd2 Kd4 57. Rxc2 Rxc2+ 58. Kxc2 Ke3 59. Kd1 Kf2 60.
Kd2 e3+ 61. Kc2 e2 62. Kb2 e1=Q 63. Kb3 Qc1 64. Kb4 Qc2 65. Kb5 Qc3 66. Ka4 Qb2
67. Ka5 Kxg3 68. Ka4 f4 69. Ka5 f3 70. Ka4 f2 71. Ka5 f1=B 72. Ka4 Bc4 73. Ka5
Qb5# 0-1

[Event "XXVII OOM - Mistrzostwa Polski Juniorow Mlodszych - Dziewczeta do lat 14"]
[Site "ApartHotel Termy Uniejow, ul. Termalna 1, 99-210 Uniejow"]
[Date "1899-12-30"]
[Round "3.21"]
[White "Pudelko, Magdalena"]
[Black "Peksa, Zuzanna"]
[Result "1-0"]
[WhiteTitle "I++"]
[BlackTitle "I"]
[WhiteElo "1477"]
[BlackElo "1231"]

1. e4 c5 2. Nf3 Nc6 3. d4 cxd4 4. Nxd4 e5 5. Nb5 a6 6. Nd6+ Bxd6 7. Qxd6 Qf6 8.
Qxf6 Nxf6 9. Nc3 Nb4 10. Kd1 d6 11. Bg5 Ng4 12. Bh4 g5 13. Bg3 h5 14. h3 Nf6 15.
Bc4 Be6 16. Be2 O-O-O 17. Kd2 Nc6 18. Rad1 d5 19. exd5 Nxd5 20. Bd3 Nxc3 21. Kxc3
Rd7 22. f3 f5 23. Rhe1 f4 24. Bf2 g4 25. h4 gxf3 26. gxf3 b5 27. b3 Rc7 28. Kb2
Nb4 29. Rxe5 Nxd3+ 30. cxd3 Rh6 31. Rde1 Bf7 32. Rf5 Bg6 33. Rf6 b4 34. Rc1 Rxc1
35. Kxc1 Kb7 36. Rb6+ Kc7 37. Rxa6 Kd7 38. Bc5 Ke8 39. Rf6 Kd7 40. Bxb4 Ke8 41.
Bd6 Kd8 42. Bxf4 Rh7 43. Rxg6 1-0

[Event "XXVII OOM - Mistrzostwa Polski Juniorow Mlodszych - Dziewczeta do lat 14"]
[Site "ApartHotel Termy Uniejow, ul. Termalna 1, 99-210 Uniejow"]
[Date "1899-12-30"]
[Round "3.22"]
[White "Bromirska, Roksana"]
[Black "Popczynska, Maja"]
[Result "0-1"]
[WhiteTitle "II"]
[BlackTitle "I"]
[WhiteElo "1088"]
[BlackElo "1400"]

1. e4 c5 2. Nf3 Nc6 3. c3 d5 4. exd5 Qxd5 5. d4 cxd4 6. cxd4 e5 7. Be3 Bg4 8. Nc3
Bb4 9. dxe5 Bxf3 10. Qxf3 Qxf3 11. gxf3 Nxe5 12. Bb5+ Nc6 13. Rg1 g6 14. Bd4 f6
15. O-O-O Kf7 16. Bc4+ Kg7 17. Be3 Nge7 18. Rd7 Ne5 19. Rd4 Nxf3 20. Rgd1 Nxd4
21. Rxd4 Rhd8 22. Rxd8 Rxd8 23. Bxa7 Bxc3 24. bxc3 Rc8 25. Be2 Rxc3+ 26. Kd2 Ra3
27. Bc5 Rxa2+ 28. Ke1 Nf5 29. Be3 Nxe3 30. fxe3 Ra1+ 31. Kd2 Ra2+ 32. Ke1 Rxe2+
33. Kxe2 f5 34. Kf3 b5 35. e4 fxe4+ 36. Kxe4 Kf6 37. Kd4 h5 0-1

[Event "XXVII OOM - Mistrzostwa Polski Juniorow Mlodszych - Dziewczeta do lat 14"]
[Site "ApartHotel Termy Uniejow, ul. Termalna 1, 99-210 Uniejow"]
[Date "1899-12-30"]
[Round "3.23"]
[White "Predkiewicz, Paulina"]
[Black "Mitrega, Wiktoria"]
[Result "1-0"]
[WhiteTitle "I"]
[BlackTitle "I"]
[WhiteElo "1344"]
[BlackElo "1251"]

1. e4 e6 2. d4 d5 3. Nc3 Nf6 4. Bd3 c5 5. Nf3 Nc6 6. exd5 Nxd5 7. Nxd5 Qxd5 8.
dxc5 Bxc5 9. O-O b6 10. a3 Bb7 11. b4 Be7 12. c4 Qd8 13. Qc2 h6 14. Rb1 Rc8 15.
Rd1 Qc7 16. Bb2 Bf6 17. Re1 Rd8 18. Rbd1 Bxb2 19. Qxb2 O-O 20. Qe2 Qe7 21. Qe4
g6 22. Qf4 Kg7 23. Qg3 Qd6 24. Qg4 Ne7 25. Bxg6 Bxf3 26. Qxf3 Qc7 27. Bd3 Ng6
28. Bxg6 fxg6 29. Qc3+ Kf7 30. Rxd8 Rxd8 31. Qf3+ Ke7 32. Qe4 Rd6 33. Qxg6 Qxc4
34. Qg7+ Ke8 35. Qxh6 Qb3 36. Qc1 Kd7 37. h3 a5 38. bxa5 bxa5 39. Qe3 Qd5 40.
Qe4 Qc5 41. Qe3 Qd5 42. Rc1 Qb7 43. Qg5 Qb2 44. Qc5 Ke7 45. Rd1 1-0

[Event "XXVII OOM - Mistrzostwa Polski Juniorow Mlodszych - Dziewczeta do lat 14"]
[Site "ApartHotel Termy Uniejow, ul. Termalna 1, 99-210 Uniejow"]
[Date "1899-12-30"]
[Round "3.24"]
[White "Reszka, Barbara"]
[Black "Makarec, Anna"]
[Result "0-1"]
[WhiteTitle "II+"]
[BlackTitle "I"]
[WhiteElo "1095"]
[BlackElo "1206"]

1. e4 e5 2. Nf3 Nc6 3. Bc4 Bc5 4. c3 Nf6 5. d4 exd4 6. e5 d5 7. Bb5 Ne4 8. cxd4
Bb6 9. Bxc6+ bxc6 10. Nbd2 Nxd2 11. Bxd2 Ba6 12. Rc1 O-O 13. a4 Qe7 14. a5 Bxd4
15. Nxd4 Qxe5+ 16. Be3 f5 17. g3 f4 18. gxf4 Rxf4 19. Rxc6 Re8 20. Kd2 Bb7 21.
Rc3 Rxd4+ 22. Bxd4 Qxd4+ 23. Kc1 Qf4+ 24. Qd2 Qxd2+ 25. Kxd2 d4 26. Rxc7 Bxh1
27. Rxa7 Be4 28. Rd7 d3 29. a6 Bf5 30. Rb7 Ra8 31. a7 Be4 32. Rb8+ Kf7 33. Rxa8
Bxa8 34. Kxd3 Ke6 35. Kc4 Kd6 36. Kb5 Kc7 37. Ka6 Kc6 38. b4 g5 39. b5+ Kc7 40.
b6+ Kc6 41. f3 h5 42. h3 h4 43. Ka5 Bb7 44. Kb4 Kxb6 45. Kc4 Kc6 46. Kd4 Kd6 47.
Ke3 Ke5 48. Ke2 Kf4 49. Kf2 Bxf3 50. Kf1 Kg3 51. Kg1 Kxh3 52. Kf2 Ba8 53. Kg1
Kg3 54. Kf1 h3 55. Kg1 h2+ 56. Kf1 h1=Q+ 57. Ke2 Qf3+ 58. Ke1 Kf4 59. Kd2 g4 0-1

[Event "XXVII OOM - Mistrzostwa Polski Juniorow Mlodszych - Dziewczeta do lat 14"]
[Site "ApartHotel Termy Uniejow, ul. Termalna 1, 99-210 Uniejow"]
[Date "1899-12-30"]
[Round "3.25"]
[White "Dallemura, Julia"]
[Black "Semeradt, Michalina"]
[Result "1-0"]
[WhiteTitle "I"]
[BlackTitle "I"]
[WhiteElo "1196"]
[BlackElo "1065"]

1. e4 e5 2. Nf3 Nc6 3. Bb5 a6 4. Ba4 Nf6 5. d3 d6 6. Bxc6+ bxc6 7. h3 g6 8. c3
Bg7 9. Nbd2 c5 10. Nf1 O-O 11. Ng3 h6 12. O-O Bb7 13. Re1 Re8 14. Bd2 Rb8 15.
b4 cxb4 16. cxb4 Qd7 17. Nh4 Nh7 18. a3 Rec8 19. Be3 Ra8 20. Qd2 h5 21. Bh6 Qe7
22. Nf3 Rab8 23. Bxg7 Kxg7 24. d4 f6 25. Nh4 Qf7 26. d5 Rd8 27. Rf1 c6 28. dxc6
Bxc6 29. f4 Qa7+ 30. Kh2 Bb5 31. Rfe1 Rbc8 32. f5 Be8 33. fxg6 Bxg6 34. Ngf5+
Bxf5 35. Nxf5+ Kg8 36. Qh6 Kh8 37. Qxh5 Rc2 38. Re2 Rxe2 39. Qxe2 Rg8 40. Rd1
Qf7 41. Nh6 Qg7 42. Nxg8 Kxg8 43. Rxd6 Ng5 44. Rd8+ Kh7 45. Qh5+ Qh6 46. Rd7+
Kg8 47. Qxh6 Nf3+ 48. gxf3 f5 49. Qg7# 1-0

[Event "XXVII OOM - Mistrzostwa Polski Juniorow Mlodszych - Dziewczeta do lat 14"]
[Site "ApartHotel Termy Uniejow, ul. Termalna 1, 99-210 Uniejow"]
[Date "1899-12-30"]
[Round "3.26"]
[White "Szmajda, Karolina"]
[Black "Brelinska, Marcelina"]
[Result "1-0"]
[WhiteTitle "I"]
[BlackTitle "II"]
[WhiteElo "1181"]
[BlackElo "1057"]

1. c4 e5 2. g3 Nc6 3. Bg2 Nf6 4. Nc3 Bc5 5. e3 O-O 6. Nge2 d6 7. d4 exd4 8. exd4
Bb6 9. O-O Bf5 10. a3 Re8 11. Be3 Qd7 12. c5 dxc5 13. dxc5 Qxd1 14. Raxd1 Bxc5
15. Bxc5 h6 16. Nd4 Nxd4 17. Bxd4 c6 18. b4 a6 19. Bxf6 gxf6 20. Rfe1 Rf8 21.
Re7 Rab8 22. Ne4 Bxe4 23. Bxe4 Kg7 24. Rdd7 b5 25. Bxc6 Rb6 26. Bd5 Kg6 27. Bxf7+
Kg5 28. Rd5+ f5 29. Rdd7 Rc6 30. h4+ Kf6 31. Bd5 Rc1+ 32. Kg2 Rc3 33. Re6# 1-0

[Event "XXVII OOM - Mistrzostwa Polski Juniorow Mlodszych - Dziewczeta do lat 14"]
[Site "ApartHotel Termy Uniejow, ul. Termalna 1, 99-210 Uniejow"]
[Date "1899-12-30"]
[Round "4.1"]
[White "Lazniewska, Zofia"]
[Black "Tokarz, Izabela"]
[Result "1-0"]
[WhiteTitle "I+"]
[BlackTitle "I++"]
[WhiteElo "1625"]
[BlackElo "1681"]

1. e4 c5 2. Nf3 d6 3. c3 Nf6 4. Bd3 g6 5. O-O Bg7 6. Bc2 O-O 7. d4 cxd4 8. cxd4
Nc6 9. Nc3 Bg4 10. Be3 Nd7 11. Qd2 Bxf3 12. gxf3 Nb6 13. b3 Rc8 14. Rac1 Qd7 15.
Ne2 Qh3 16. f4 h5 17. f3 d5 18. Kh1 Qd7 19. Rg1 Rcd8 20. Rcd1 a5 21. f5 e5 22.
fxg6 f6 23. dxe5 d4 24. Nxd4 Nxd4 25. Bxd4 fxe5 26. Be3 Qh3 27. Qg2 Qe6 28. Qg5
Rxd1 29. Bxd1 Nd7 30. Qxh5 Nf6 31. Qh4 Rd8 32. Be2 Kf8 33. Bc5+ Ke8 34. Bb5+ Nd7
35. Bc4 Bf6 36. Bxe6 1-0

[Event "XXVII OOM - Mistrzostwa Polski Juniorow Mlodszych - Dziewczeta do lat 14"]
[Site "ApartHotel Termy Uniejow, ul. Termalna 1, 99-210 Uniejow"]
[Date "1899-12-30"]
[Round "4.2"]
[White "Oborska, Magda"]
[Black "Janikowska, Wiktoria"]
[Result "1-0"]
[WhiteTitle "I++"]
[BlackTitle "I+"]
[WhiteElo "1537"]
[BlackElo "1610"]

1. e4 c5 2. Nf3 g6 3. d4 cxd4 4. Nxd4 Nc6 5. Be2 Bg7 6. Nb3 Nf6 7. Nc3 O-O 8. O-O
d6 9. Re1 Bd7 10. Bf1 Rc8 11. h3 Ne5 12. Bg5 Nc4 13. Bxc4 Rxc4 14. Nd5 Nxd5 15.
exd5 Be5 16. c3 f6 17. Nd2 Rc5 18. Bh6 Rf7 19. f4 Rxd5 20. fxe5 dxe5 21. Be3 f5
22. Qc2 f4 23. Bf2 Bxh3 24. Nf3 Bf5 25. Qb3 e4 26. Ng5 Rf6 27. Nxe4 Bxe4 28. Rxe4
Kg7 29. Bd4 e5 30. Bxe5 Rxe5 31. Rxe5 f3 32. gxf3 Rf5 33. Rxf5 gxf5 34. Qxb7+
Kg6 35. Qxa7 Qg5+ 36. Kf1 1-0

[Event "XXVII OOM - Mistrzostwa Polski Juniorow Mlodszych - Dziewczeta do lat 14"]
[Site "ApartHotel Termy Uniejow, ul. Termalna 1, 99-210 Uniejow"]
[Date "1899-12-30"]
[Round "4.3"]
[White "Gladyszewska, Kinga"]
[Black "Pniewska, Beata"]
[Result "1-0"]
[WhiteTitle "I"]
[BlackTitle "I"]
[WhiteElo "1293"]
[BlackElo "1400"]

1. e4 c5 2. Nf3 g6 3. d4 cxd4 4. Nxd4 Bg7 5. Nc3 Nc6 6. Be3 Nf6 7. f3 O-O 8. Bc4
e6 9. Qd2 d5 10. exd5 Nxd5 11. Bxd5 exd5 12. O-O-O Ne5 13. Bg5 Nc4 14. Bxd8 Nxd2
15. Be7 Re8 16. Nxd5 Nc4 17. Nc7 Rxe7 18. Nxa8 Rd7 19. c3 Ne3 20. Rde1 Bh6 21.
Kb1 b6 22. Nc2 Re7 23. Nxe3 Bxe3 24. Re2 Ba6 25. Ree1 Bb7 26. Nc7 a6 27. c4 f5
28. Nd5 Bxd5 29. cxd5 f4 30. Rd1 Rd7 31. g3 g5 32. Rd3 Rd6 33. Rhd1 Kf7 34. Rc3
h5 35. Rc6 Rd7 36. Rh6 g4 37. Rh7+ Ke8 38. Rxd7 Kxd7 39. Rf1 fxg3 40. hxg3 Kd6
41. fxg4 hxg4 42. Rf5 Kc5 43. Kc2 b5 44. Kd3 Bc1 45. b3 b4 46. Ke4 a5 47. Rf6
Bg5 48. Rc6+ Kb5 49. Kf5 Bd8 50. Kxg4 a4 51. Kf5 Be7 52. g4 a3 53. g5 Bf8 54.
Kf6 Bc5 55. Rxc5+ 1-0

[Event "XXVII OOM - Mistrzostwa Polski Juniorow Mlodszych - Dziewczeta do lat 14"]
[Site "ApartHotel Termy Uniejow, ul. Termalna 1, 99-210 Uniejow"]
[Date "1899-12-30"]
[Round "4.4"]
[White "Szczotka, Klara"]
[Black "Pietryk, Joanna"]
[Result "1-0"]
[WhiteTitle "k+"]
[BlackTitle "I"]
[WhiteElo "1916"]
[BlackElo "1385"]

1. e4 c6 2. Nf3 d5 3. d3 Qc7 4. e5 Bg4 5. d4 e6 6. c3 c5 7. Na3 a6 8. Qa4+ Qc6
9. Bb5 axb5 10. Qxa8 Qc8 11. Nxb5 cxd4 12. Nfxd4 Bc5 13. Bf4 h6 14. O-O Kf8 15.
Be3 Be7 16. Rfc1 g6 17. c4 dxc4 18. b3 Kg7 19. Rxc4 Qf8 20. Qxb7 Kh7 21. Rc8 1-0

[Event "XXVII OOM - Mistrzostwa Polski Juniorow Mlodszych - Dziewczeta do lat 14"]
[Site "ApartHotel Termy Uniejow, ul. Termalna 1, 99-210 Uniejow"]
[Date "1899-12-30"]
[Round "4.5"]
[White "Bandyk, Joanna"]
[Black "Pawicka, Magdalena"]
[Result "0-1"]
[WhiteTitle "I"]
[BlackTitle "k+"]
[WhiteElo "1186"]
[BlackElo "1816"]

1. e4 c5 2. Nf3 e6 3. d3 Nc6 4. g3 g6 5. Bg2 Bg7 6. O-O Nge7 7. Re1 d6 8. c3 e5
9. Nbd2 O-O 10. Nc4 h6 11. h4 Be6 12. Be3 f5 13. exf5 gxf5 14. Qd2 Kh7 15. Rad1
Qd7 16. Kh1 Bd5 17. Qe2 f4 18. gxf4 exf4 19. Bc1 Rae8 20. Kh2 Kh8 21. Qd2 b5 22.
Na3 Qg4 23. Rg1 Bxf3 24. Bxf3 Qxf3 25. Nxb5 Nf5 26. Rde1 Nxh4 27. Ref1 Qh5 28.
Qd1 Nf3+ 29. Kg2 Qg4+ 30. Kh1 Qh3# 0-1

[Event "XXVII OOM - Mistrzostwa Polski Juniorow Mlodszych - Dziewczeta do lat 14"]
[Site "ApartHotel Termy Uniejow, ul. Termalna 1, 99-210 Uniejow"]
[Date "1899-12-30"]
[Round "4.6"]
[White "Seemann, Pola"]
[Black "Giemza, Julia"]
[Result "0-1"]
[WhiteTitle "I++"]
[BlackTitle "I"]
[WhiteElo "1607"]
[BlackElo "1375"]

1. e4 c5 2. Nf3 e6 3. d4 cxd4 4. Nxd4 Nc6 5. Nc3 Qc7 6. Be2 a6 7. O-O b5 8. a3
Bb7 9. Be3 Rc8 10. f4 Bc5 11. Kh1 Qb6 12. Nxc6 Bxe3 13. Nb4 Qc7 14. f5 Nf6 15.
Bf3 h5 16. Qe2 Bd4 17. Nba2 Ng4 18. Bxg4 hxg4 19. h3 gxh3 20. g4 Qg3 21. Rad1
Bb6 22. Rd3 Qe5 23. Qf3 a5 24. fxe6 Qxe6 25. Nd5 Ba7 26. Nac3 Bc6 27. Nf4 Qe5
28. Ncd5 b4 29. Nh5 Rf8 30. Rfd1 Bb8 31. R3d2 bxa3 32. bxa3 Kd8 33. Qb3 Qxe4+
34. Kg1 h2+ 0-1

[Event "XXVII OOM - Mistrzostwa Polski Juniorow Mlodszych - Dziewczeta do lat 14"]
[Site "ApartHotel Termy Uniejow, ul. Termalna 1, 99-210 Uniejow"]
[Date "1899-12-30"]
[Round "4.7"]
[White "Romejko, Jagoda"]
[Black "Kawa, Anna"]
[Result "0-1"]
[WhiteTitle "I"]
[BlackTitle "I"]
[WhiteElo "1350"]
[BlackElo "1440"]

1. e4 g6 2. d4 Bg7 3. c4 d6 4. Nc3 e5 5. Nf3 Bg4 6. d5 f5 7. h3 Bxf3 8. Bg5 Bxd1
9. Bxd8 Kxd8 10. Rxd1 fxe4 11. Nxe4 Nf6 12. Ng5 Re8 13. Ne6+ Rxe6 14. dxe6 Ke7
15. f3 Nc6 16. Kf2 Kxe6 17. Bd3 Rf8 18. Rhe1 Nh5 19. Be4 Bf6 20. g3 Bg7 21. Bd5+
Kd7 22. Be4 Nf6 23. Bc2 Nd4 24. Ba4+ Kc8 25. Kg2 Nd7 26. Re3 Nc5 27. Bb3 a5 28.
Rde1 Ncxb3 29. Rxb3 Nxb3 30. axb3 b6 31. h4 Kb7 32. g4 Rf4 33. Kf2 a4 34. Re4
axb3 35. Ke3 Kc6 36. Kd2 Rxf3 37. g5 Rf4 38. Kd3 Rxe4 39. Kxe4 Kc5 40. Kd3 e4+
41. Kxe4 Kxc4 42. Ke3 Bxb2 43. Kd2 Ba3 44. h5 gxh5 45. g6 hxg6 46. Kd1 Kd3 47.
Ke1 b2 48. Kf2 b1=Q 49. Kg2 Bc5 50. Kg3 Qg1+ 51. Kh3 Ke3 52. Kh4 Qg4# 0-1

[Event "XXVII OOM - Mistrzostwa Polski Juniorow Mlodszych - Dziewczeta do lat 14"]
[Site "ApartHotel Termy Uniejow, ul. Termalna 1, 99-210 Uniejow"]
[Date "1899-12-30"]
[Round "4.8"]
[White "Sprzeczka, Emilia"]
[Black "Nowak, Zuzanna"]
[Result "1-0"]
[WhiteTitle "I"]
[BlackTitle "I"]
[WhiteElo "1431"]
[BlackElo "1353"]

1. e4 e5 2. Nf3 Nc6 3. d4 exd4 4. Nxd4 Bc5 5. Nxc6 Qf6 6. Qf3 Qxf3 7. gxf3 bxc6
8. Bc4 Ne7 9. Nc3 Bb7 10. Rg1 Ng6 11. f4 f6 12. Be2 Kf8 13. Be3 Bd6 14. f5 Ne5
15. f4 Nf7 16. O-O-O a5 17. Na4 Re8 18. Bf3 c5 19. Nc3 c4 20. Nd5 a4 21. a3 Bxd5
22. Rxd5 Ra8 23. Bc5 Ra6 24. Bxd6+ Nxd6 25. e5 fxe5 26. fxe5 Nxf5 27. e6 Nd6 28.
exd7 Kf7 29. Rf1 g6 30. Bg4+ Ke7 31. Re5+ Kd8 32. Rc5 Ra7 33. Rc6 Ke7 34. Re1+
Kd8 35. Rd1 Ke7 36. Rc5 Rd8 37. Re5+ Kf6 38. Rde1 Raa8 39. Re7 h5 40. Bh3 Kg5
41. Bg2 Ra6 42. Bh3 Raa8 43. Rg1+ Kh4 44. Rg3 Ra5 45. Bg2 g5 46. Bc6 Rf5 47. Bxa4
g4 48. Rge3 Rff8 49. Re8 Nxe8 50. dxe8=Q Rf1+ 51. Re1 Rxe8 52. Rxf1 Re2 53. Rh1
Kh3 54. Bc6 Rxh2 55. Rxh2+ Kxh2 56. a4 g3 57. a5 h4 58. a6 h3 59. a7 g2 60. a8=Q
g1=Q+ 61. Kd2 Qd4+ 62. Ke2 Qxb2 63. Be4 Qg7 64. Qa7 Qg4+ 65. Bf3 Qe6+ 66. Kd2
c3+ 67. Kd3 Qf5+ 68. Be4 Qd7+ 69. Qd4 Qb5+ 70. Qc4 Qd7+ 71. Kxc3 Qg7+ 72. Kb3
Qg3+ 73. Bd3 Kg1 74. Qc5+ Kh2 75. Qc3 Qg8+ 76. Bc4 Qb8+ 77. Qb4 Qd8 78. Qc5 Qb8+
79. Bb5 Qg8+ 80. Qc4 Qg3+ 81. c3 Kg1 82. Qd4+ Kh2 83. Bc6 Qg8+ 84. Qd5 Qb8+ 85.
Kc2 Qb6 86. Qe5+ Kg1 87. Qg3+ Kf1 88. Qxh3+ Ke1 89. Qg3+ Ke2 90. Bf3+ Ke3 91.
Bg2+ Ke2 92. Qf3+ 1-0

[Event "XXVII OOM - Mistrzostwa Polski Juniorow Mlodszych - Dziewczeta do lat 14"]
[Site "ApartHotel Termy Uniejow, ul. Termalna 1, 99-210 Uniejow"]
[Date "1899-12-30"]
[Round "4.9"]
[White "Nieckarz, Maja"]
[Black "Zalewska, Malgorzata"]
[Result "1-0"]
[WhiteTitle "I"]
[BlackTitle "I"]
[WhiteElo "1430"]
[BlackElo "1328"]

1. e4 e6 2. d4 d5 3. Nc3 Bb4 4. exd5 exd5 5. Bd3 Nc6 6. Nge2 Nge7 7. O-O Bg4 8.
f3 Bf5 9. Be3 Qd7 10. Bf2 a6 11. a3 Bd6 12. Qd2 Bxd3 13. Qxd3 O-O 14. Bg3 Rfe8
15. Bxd6 Qxd6 16. Ng3 Nd8 17. f4 b6 18. f5 f6 19. Nh5 Nf7 20. Qf3 Nh6 21. Qh3
c5 22. dxc5 Qxc5+ 23. Kh1 Qd6 24. Rad1 Rf8 25. Rde1 Nc8 26. Re6 Qd8 27. Qg3 Ra7
28. Nxd5 Kh8 29. Nc3 Qd7 30. Qf4 Nxf5 31. Qxf5 g6 32. Rxf6 Qxf5 33. Rxf8+ Qxf8
34. Rxf8# 1-0

[Event "XXVII OOM - Mistrzostwa Polski Juniorow Mlodszych - Dziewczeta do lat 14"]
[Site "ApartHotel Termy Uniejow, ul. Termalna 1, 99-210 Uniejow"]
[Date "1899-12-30"]
[Round "4.10"]
[White "Niedorys, Karolina"]
[Black "Staniewicz, Adrianna"]
[Result "1-0"]
[WhiteTitle "I"]
[BlackTitle "WCM"]
[WhiteElo "1413"]
[BlackElo "1301"]

1. e4 c5 2. Nf3 e6 3. d4 cxd4 4. Nxd4 a6 5. Nc3 Qc7 6. Be3 Bb4 7. Qd2 Bxc3 8. bxc3
Nf6 9. f3 Nc6 10. Bd3 d6 11. g4 Ne5 12. Ke2 Nc4 13. Bxc4 Qxc4+ 14. Kf2 Qc7 15.
h4 h5 16. gxh5 Nxh5 17. Ne2 Ke7 18. a4 b6 19. Rhb1 Rb8 20. Qd4 e5 21. Qb4 b5 22.
c4 Bd7 23. axb5 axb5 24. c5 dxc5 25. Bxc5+ Ke6 26. Rd1 Kf6 27. Rxd7 Qxd7 28. Ra6+
Qe6 29. Be7+ Kg6 30. Rxe6+ fxe6 31. Bd6 Rbc8 32. Bxe5 Rxc2 33. Qxb5 Rhc8 34. Qd7
R8c6 35. Qe7 Nf6 36. Bxf6 gxf6 37. Ke3 e5 38. Qe8+ Kh6 39. h5 Kg5 40. Qg6+ Kh4
41. Qg4# 1-0

[Event "XXVII OOM - Mistrzostwa Polski Juniorow Mlodszych - Dziewczeta do lat 14"]
[Site "ApartHotel Termy Uniejow, ul. Termalna 1, 99-210 Uniejow"]
[Date "1899-12-30"]
[Round "4.11"]
[White "Pastuszko, Katarzyna"]
[Black "Lewicka, Joanna"]
[Result "1/2-1/2"]
[WhiteTitle "I++"]
[BlackTitle "I"]
[WhiteElo "1580"]
[BlackElo "1252"]

1. e4 e5 2. Nf3 Nc6 3. d4 exd4 4. c3 d3 5. Bxd3 d6 6. Bf4 Be7 7. Nbd2 Nf6 8. h3
O-O 9. O-O Be6 10. Bh2 d5 11. e5 Nd7 12. Qe2 Re8 13. Nd4 Nxd4 14. cxd4 f6 15.
f4 f5 16. g4 Rf8 17. gxf5 Bxf5 18. Bxf5 Rxf5 19. Qg4 g6 20. Nf3 Nf8 21. Kh1 Ne6
22. Bg3 Qe8 23. Bh4 Qf7 24. Bxe7 Rxf4 25. Qg3 Qxe7 26. h4 Rf5 27. Rad1 Raf8 28.
Qg2 Kh8 29. Qe2 Nf4 30. Qf2 Ne6 31. Qe2 Nf4 32. Qf2 1/2-1/2

[Event "XXVII OOM - Mistrzostwa Polski Juniorow Mlodszych - Dziewczeta do lat 14"]
[Site "ApartHotel Termy Uniejow, ul. Termalna 1, 99-210 Uniejow"]
[Date "1899-12-30"]
[Round "4.12"]
[White "Popczynska, Maja"]
[Black "Ziobrowska, Maja"]
[Result "0-1"]
[WhiteTitle "I"]
[BlackTitle "I++"]
[WhiteElo "1400"]
[BlackElo "1601"]

1. e4 e5 2. Nf3 Nc6 3. Bb5 g6 4. d4 exd4 5. Bg5 Be7 6. Bxe7 Ngxe7 7. Nxd4 O-O 8.
O-O Nxd4 9. Qxd4 d5 10. Nc3 c6 11. Ba4 dxe4 12. Qxe4 Bf5 13. Qh4 Nd5 14. Qxd8
Raxd8 15. Nxd5 Rxd5 16. Rad1 Rfd8 17. c3 Rd2 18. f3 Be6 19. a3 Bc4 20. Rxd2 Rxd2
21. Rf2 Be2 22. b4 Kf8 23. g3 b5 24. Bb3 Rb2 25. Bd1 Rb1 26. Rxe2 Rxd1+ 27. Kf2
Ra1 28. Ke3 Ke7 29. Kd4+ Kd6 30. c4 Rd1+ 31. Kc3 Rc1+ 32. Rc2 Rxc2+ 33. Kxc2 bxc4
34. Kc3 Kd5 35. a4 g5 36. a5 a6 37. h3 f6 38. h4 gxh4 39. gxh4 h5 40. Kd2 Kd4
41. Kc2 c3 42. Kc1 Kd3 43. Kd1 c2+ 44. Kc1 Kc3 45. f4 f5 46. b5 axb5 47. a6 b4
0-1

[Event "XXVII OOM - Mistrzostwa Polski Juniorow Mlodszych - Dziewczeta do lat 14"]
[Site "ApartHotel Termy Uniejow, ul. Termalna 1, 99-210 Uniejow"]
[Date "1899-12-30"]
[Round "4.13"]
[White "Salamon, Julia"]
[Black "Predkiewicz, Paulina"]
[Result "1/2-1/2"]
[WhiteTitle "I++"]
[BlackTitle "I"]
[WhiteElo "1504"]
[BlackElo "1344"]

1. d4 d5 2. c4 e6 3. Nc3 Be7 4. Nf3 Nf6 5. Bg5 h6 6. Bh4 O-O 7. e3 Nbd7 8. Bd3
dxc4 9. Bxc4 c5 10. O-O b6 11. Qe2 Bb7 12. Rfd1 Qc8 13. Bb5 Bd6 14. Bxd7 Nxd7
15. Rac1 Qc6 16. d5 exd5 17. Nxd5 Kh8 18. Qd3 Ne5 19. Nxe5 Bxe5 20. Qe2 Rae8 21.
b3 f5 22. f3 Qe6 23. Nc3 Bb8 24. Re1 Qd6 25. f4 Rg8 26. Rcd1 Qc6 27. Qf2 g5 28.
Bg3 gxf4 29. exf4 Rxe1+ 30. Rxe1 Bxf4 31. Re2 Bxg3 32. hxg3 Qf6 33. Qf4 Bc6 34.
Rd2 Qg5 35. Rd6 Qxf4 36. gxf4 Bxg2 37. Rxh6+ Kg7 38. Rh5 Be4 39. Nxe4 fxe4 40.
Re5 Kf7+ 41. Kf2 Rh8 42. Kg3 Rg8+ 43. Kf2 Rh8 44. Kg3 Rg8+ 1/2-1/2